000
00231nam a2200097Ia 4500
001
834974
005
20250826172445.0
008
250824s9999 xx 000 0 und d
245
0
_a
PUSULA
_c
ŞEREFNUR ATİK
260
_b
BİLGE YAYINLARI
999
_c
834974
_d
834974